000 00930nam a22001937a 4500
003 OSt
005 20251205155536.0
008 251205b |||||||| |||| 00| 0 eng d
040 _cDCL
082 _a၂၉၄.၃၄၃၅
100 0 _aစန္ဒဇောတိ၊
_cအရှင်။
245 1 0 _aမင်းကွန်းမြေမှ ကမ္ဘကျော်ကြီးငါးကြီး /
_cအရှင်စန္ဒဇောတိ။
260 _aနဝမအကြိမ်။
264 _aရန်ကုန် ၊
_bအသိုင်းအဝိုင်းစာပေ၊
_c[၁၉၉၆]။
300 _a၁၂၀ စာမျက်နှာ ၊
_c၁၈ စင်တီ။
650 _aစေတီတော်များ
_zမြန်မာနိုင်ငံ
650 _aမင်းကွန်းပုထိုးတော်
942 _2ddc
_cSHORT TERM
_n0
999 _c2659
_d2659